000 00969nas a2200265 4500
001 BR8100412
003 BR-BrBNA
005 20231205084509.0
007 ta
008 230509b bl.|||p| |||| 00| 00por d
040 _aBR-BrBNA
_bpor
_cBiblioteca Nacional de Agricultura
041 _a(Pt)
072 _aH10
100 1 _aJocys, T.
100 1 _aPigatti, A.
245 1 _aSelecao de inseticidas, em laboratorio, para o controle da lagarta Eacles imperialis magnifica walker, 1856 (Lepidoptera)[Cafe; Coffea arabica]
246 1 _aLaboratory screening test with insecticides for the control of caterpillar Eacles imperialis magnifica walker, 1856 (Lepidoptera)[Coffee; Coffea arabica]
650 _aPraga de planta
650 _aCafe
650 _aInseticida
650 _aControle quimico
773 0 _tBiologico (Brazil)
_xISSN 0366-0567
_g(Jul 1980), v. 46(7) p. 123-128
_wBR8100412
909 _a202311
_bLúcia
_c55
_dLúcia Elande
942 _2AGRIS
_n0
_cANA
999 _c105577
_d105577